00776nam a2200205 i 450000100060000000300090000600500170001500700030003200800410003510000460007624500700012226000460019230000300023849000360026865100530030483000550035785200210041299900170043395201200045032575ES-MaACL20250815082224.0t|030131s1953 sp |||| | spa d1 aBernácer, Germán (d1883-1965)92816613aLa doctrina del gran espacio económico / cGermán Bernácer. aMadrid : bAguilar, c[1953] (fYagües) aXXXVII, 192 p. ; c19 cm.1 aBiblioteca de ciencias sociales 4aEuropa-xSituación económica-yS.XX.916772200aBiblioteca de ciencias sociales (Aguilar) 9220462 aES-MaACLjC-6273 c32575d32575 00104070aATENEOMbATENEOMcSPALd2008-01-17eSCl0oC-6273p1033770r2023-02-23 00:00:00w2023-02-23yMONOGRAFIA